Normal view
MARC view
Entry Corporate Name
001 - CONTROL NUMBER
- control field: 26579
003 - CONTROL NUMBER IDENTIFIER
- control field: ARRUPE
005 - DATE AND TIME OF LATEST TRANSACTION
- control field: 20161007113109.0
008 - FIXED-LENGTH DATA ELEMENTS
- fixed length control field: 161007|| aca||aabn | a|a d
040 ## - CATALOGING SOURCE
- Original cataloging agency: ARRUPE
- Transcribing agency: ARRUPE
110 ## - HEADING--CORPORATE NAME
- Corporate name or jurisdiction name as entry element: Bonds,Ray
- Relator term: ed.
670 ## - SOURCE DATA FOUND
- Source citation: Work cat.: (ARRUPE): The Vietnam war, 1983